000 01050nam a2200337 i 4500
001 768714001
003 CO-MdFUSB
005 20240822101738.0
007 ta
008 791113t1976 ag af b 000 0 spa
010 _a 77154562
040 _aDLC
_cCO-MdFUSB
_dDLC
_dCO-MdFUSB
_bspa
_erda
041 0 _aspa
082 _223
_a296.12
_bK64
100 1 _aKlépfisz, Hészel.
_eautor
245 1 3 _aEl Talmud :
_bhistoria y trascendencia
_c/ Hészel Klepfisz
264 1 _aBuenos Aires , Argentina :
_bCongreso Judío Latinoamericano,
_c[1976]
264 4 _c© 1976
300 _a48 páginas :
_bilustraciones ;
_c20 cm.
336 _2rdacontent
_atexto
_btxt
337 _2rdamedia
_asin mediación
_bn
338 _2rdacarrier
_avolumen
_bnc
490 0 _aColección Hechos de la historia judía ; 83
504 _aIncluye referencias bibliográficas
563 _aRústico
650 7 _9331
_aLiteratura rabínica
653 _aTalmud -- Crítica, interpretación, etc.
942 _cBK
945 _aJTF-925
999 _c66333
_d66333